00621nam a22001817a 450000500170000001000150001702000260003203500130005803700130007108200110008410000170009524501340011225000160024626000470026227000890030930000220039850000190042020140626111419.0 aENG-110266 a9789351424611c305.00 aEN-93798 bDBAD/PUB a332.63 aSingh,Preeti aFundamentals of investment management :cby Preeti Singhbas per the new syllabus of Delhi University for B.Com(H), semester vi / a4th rev. ed aNew DelhibHimalaya Publishing Housec2014 a"Pooja Apartments"4-B, Murari Lal Street, Ansari Road, Darya GanjbNew Delhie110002 a389p. c24cm(pbk) aIncludes index